| 000 | 00815cam a2200277 i 4500 | ||
|---|---|---|---|
| 999 |
_c7631 _d7631 |
||
| 001 | 7631 | ||
| 003 | BD-JhCC | ||
| 005 | 20180212133912.0 | ||
| 008 | 770620s1977 caua b 001 0 eng | ||
| 020 | _a0716701790 | ||
| 035 | _a(BD-JhCC)7631 | ||
| 040 |
_aDLC _cDLC _dDLC _dBD-JhCC |
||
| 041 | _aeng | ||
| 050 | 0 | 0 |
_aQH345 _b.C52 1977 |
| 082 | 0 | 0 |
_a574.1/92/028 _bCLA 1977 |
| 100 | 1 |
_aClark, John Magruder, _d1932- |
|
| 245 | 1 | 0 |
_aExperimental biochemistry / _cJohn M. Clark, Jr. and Robert L. Switzer. |
| 250 | _a2d ed. | ||
| 260 |
_aSan Francisco : _bW. H. Freeman, _cc1977. |
||
| 300 |
_axii, 335 p. : _bill. ; _c28 cm. |
||
| 504 | _aIncludes bibliographies and index. | ||
| 650 | 0 |
_aBiochemistry _xLaboratory manuals. |
|
| 700 | 1 | _aSwitzer, Robert L., | |
| 942 |
_2ddc _cBK |
||